Київські бомби (Запис № 17583)
[ простий вигляд ]
| 000 -Маркер запису | |
|---|---|
| Контрольне поле сталої довжини | 02400nam a22002657a 4500 |
| 003 - Належність контрольного номера | |
| Контрольне поле | Uzh_bibl |
| 008 - Кодовані дані | |
| Контрольне поле сталої довжини | 260430b |||||||| |||| 00| 0 ukr d |
| 020 ## - Індекс ISBN | |
| ISBN | 978-966-03-7720-2 |
| Ціна | 100.00 |
| 040 ## - Джерело каталогіз. | |
| Код мови каталог. | укр. |
| 041 ## - Код мови видання | |
| Код мови оригіналу | українська |
| Код мови тексту | українська |
| 080 ## - Індекс УДК | |
| Індекс УДК | 821(477) |
| 090 ## - Шифри | |
| Поличний індекс | 821(477) |
| Авторський знак | К 59 |
| 100 ## - Автор | |
| Автор | Кокотюха,Андрій |
| 245 ## - Назва | |
| Назва | Київські бомби |
| Відповідальність | худож.-оформлювач О.А.Гугалова. |
| Фізичний носій | Текст |
| 260 ## - Вихідні дані | |
| Місце видання | Харків |
| Видавництво | Фоліо |
| Дата видання | 2017 |
| 300 ## - Фізичний опис | |
| Обсяг | 315 с. |
| Ілл./тип відтвор. | іл. |
| 490 ## - Серія | |
| Назва серії | Серія "Ретророман" |
| 520 ## - Анотація | |
| Анотація | 1907 рік. У Російській імперії — конституційний переворот. Влада широким фронтом наступає на громадянські права та свободи людей. У відповідь звучать постріли та летять саморобні бомби. Київ тих часів стає ареною бойових дій. Тут, немов гриби, виростають бойові організації, чиї дії вже не підпорядковані єдиному центру.Андрій Волох, молодий українець вигнаний з університету за участь у протестах, теж бере до рук зброю. Тепер він — Полтава. І його подальша доля тісно переплітається з долями радикального ватажка бойовиків Залізняка, професійного терориста Штерна, жандармського ротмістра Підвисоцького та Фаїни — вдови страченого революціонера, котра прагне помсти. Але чи в повній мірі прийнятні ідеї тотального терору для таких, як Полтава? Тим більше якщо терор — зброя не лише бойовиків, а й влади, яка з ними бореться... |
| 521 ## - Примітка про цільове призначення | |
| Примітка про цільове призначення | Для широкого кола читачів |
| 546 ## - Примітка про мову | |
| Примітка про мову | укр. |
| 650 ## - Тематичні рубрики | |
| Основна рубрика | Літературно-художнє видання |
| 653 ## - Ключові слова | |
| Ключові слова | Революція |
| -- | Боротьба |
| -- | Переворот |
| 655 ## - Термін індексування — жанр/форма | |
| Жанр/форма | Проза |
| Типове ділення | Роман |
| Хронологічне ділення | 1907 рік |
| 942 ## - ADDED ENTRY ELEMENTS (KOHA) | |
| Джерело класифікації чи схема поличного розташування | |
| Koha item type | Книги |
| Статус вилучення | Статус втрати/відсутності | Джерело класифікації чи схема поличного розташування | Статус пошкодження | Тип обігу (не для випозичання) | Постійне розташування | Поточне розташування | Розташування у відділі | Дата надходження | Інвентарний номер | Total Checkouts | Повний (примірниковий) шифр зберігання | Штрих-код | Date last seen | Дата, для якої чинна ціна заміни | Тип одиниці (рівень примірника) |
|---|---|---|---|---|---|---|---|---|---|---|---|---|---|---|---|
| Бібліотека-філія №3 | Бібліотека-філія №3 | Абонемент старший відділ | 30/04/2026 | 72201 | 821(477) | 4155 | 30/04/2026 | 30/04/2026 | Книги |